000 01493cam a22004335i 4500
001 data
005 20260322212104.0
006 data
007 data
008 data
035 _a21745461
906 _a0
_bibc
_corigcop
_d1
_eecip
_f20
_gy-gencatlg
925 0 _aacquire
_eecip ebook
_xpolicy default
010 _a 2019724951
015 _aGBB9H3590
_2bnb
016 7 _a019583257
_2Uk
020 _z9780190665760
_qpaperback
020 _z0190665769
_qpaperback
020 _a9780190665791
_qelectronic book
040 _aDLC
_beng
_erda
_cDLC
060 4 _aWA 105
082 0 4 _a614.4
_223
097 0 0 _aRA651
_b.W47 2020
100 1 _aWestreich, Daniel,
_eauthor.
245 1 0 _aEpidemiology by design :
_ba causal approach to the health sciences /
_cDaniel Westreich.
264 1 _aNew York, NY :
_bOxford University Press,
_c[2020]
300 _a1 online resource
336 _atext
_btxt
_2rdacontent
337 _acomputer
_bc
_2rdamedia
338 _aonline resource
_bcr
_2rdacarrier
504 _aIncludes bibliographical references and index.
588 _aDescription based on print version record.
650 0 _aEpidemiology.
650 2 _aEpidemiology.
650 7 _aEpidemiology.
_2fast
_0(OCoLC)fst00914091
776 0 8 _iPrint version:
_tEpidemiology by design
_dNew York, NY : Oxford University Press, [2020]
_z9780190665760
_w(DLC) 2019462275
985 _aLC online resource
_d2020-10-06
999 _c1527
_d1527